• 首页
  • 本馆介绍
  • 公告通知
  • 最新文献
  • 馆藏检索
  • 电子资源
  • 读者导购
  • 参考咨询
  • 我的图书馆
  • 登录
  • 详细信息显示
  • 放入我的书架
  • 预约/预借图书
  • 作者相关作品
  • 分类相关作品
  • 丛书相关作品
  • 出版社相关作品

书目信息

  • 表格格式
  • 工作单格式
  • 卡片格式
题名:
青蛙骑手
    
 
作者: 廖旭和 选编 ;詹禾 插图
分册:  
出版信息: 北京   外文出版社  2005
页数: 190页
开本: 17cm
丛书名: 中国最美的传说
单 册:
中图分类: H339.4 , I277.3
科图分类:
主题词: 德语--语言读物 , 民间故事--中国--选集 , 德语 , 民间故事
电子资源:
ISBN: 7-119-03828-1
000 01038oam2 2200325 450
001 003237745
005 20070805100943.96
010    @a7-119-03828-1@dCNY10.00
035    @a003237745
100    @a20060210d2005 em y0chiy0110 ea
101 0  @achi@ager
102    @aCN@b110000
105    @aa z 000fy
106    @ar
200 1  @a青蛙骑手@Aqing wa qi shou@dDer Reiter im grunen Gewand@e[中德文对照]@E[ zhong de wen dui zhao ]@f廖旭和选编@Fliao xu he xuan bian@g詹禾插图@Gzhan he cha tu@zger
210    @a北京@c外文出版社@d2005
215    @a190页@c插图@d17cm
225 2  @a中国最美的传说@Azhong guo zui mei de chuan shuo@vI
461  0 @1001003261024@12001 @a中国最美的传说
510 1  @aDer Reiter im grunen Gewand@zger
606 0  @a德语@j语言读物
606 0  @a民间故事@y中国@j选集
606 0  @a德语
606 0  @a民间故事
690    @aH339.4@v4
690    @aI277.3@v4
701  0 @a廖旭和@Aliao xu he@4选编
702  0 @a詹禾@Azhan he@c(女,@f1971~)@4插图
801  0 @aCN@bNLC@c20070805
905    @dH339.4@e210@f3
    
    青蛙骑手=Der Reiter im grunen Gewand:[中德文对照]/廖旭和选编/詹禾插图.-北京:外文出版社,2005
    190页:插图;17cm.-(中国最美的传说;I)
    
    
    ISBN 7-119-03828-1:CNY10.00
    
●
相关链接 在E读中查询图书 在五车中查询图书 在当当中查询图书 在豆瓣中查询图书


正题名:青蛙骑手     索取号:H339.4/210         预约/预借

序号 登录号 条形码 馆藏地/架位号 状态 备注
1 0852410   208524104   第二样本阅览室/ [索取号:H339.4/210] 在馆    
2 0852411   208524113   第四借阅区/ [索取号:H339.4/210] 在馆    
3 0852412   208524122   第四借阅区/ [索取号:H339.4/210] 在馆    
唐山师范学院图书馆 欢迎您!
大连网信软件有限公司© 版权所有